Sports Quiz

Random Sports or NHL Quiz

NHL Star's Who Were Maple Leafs Quiz Stats

 Plays Quiz not verified by Sporcle

Challenge
Share
Tweet
Embed
Score 0/9 Timer 05:00
0 Plays Today
Break Out Team Player Name % Correct
St. Louis BluesBrad Boyes
50%
Vancouver CanuckRoberto Luongo
46.4%
Boston BruinsTuukka Rask
37.5%
New Jersey DevilScott Niedermayer
35.7%
Detroit Red WingsLarry Murphy
25%
Tampa Bay LightningFredrick Modin
23.2%
Edmonton OilersJason Smith
21.4%
Chicago BlackhawksSteve Sullivan
19.6%
NY IslandersMathieu Schnieder
5.4%

You're not logged in!

Compare scores with friends on all Sporcle quizzes.
OR
Log In

You Might Also Like...

Show Comments

Extras

Top Quizzes Today


Score Distribution

Your Account Isn't Verified!

In order to create a playlist on Sporcle, you need to verify the email address you used during registration. Go to your Sporcle Settings to finish the process.

Report this User

Report this user for behavior that violates our Community Guidelines.

Details: